Statistics for U.S. Geography General Knowledge #2

Click here to take the quiz!

General Stats

  • This quiz has been taken 15,855 times
  • The average score is 12 of 20

Answer Stats

Question Answer % Correct
What city is served by O'Hare and Midway airports?Chicago
95%
What activity makes Aspen, Vail, and Breckenridge famous?Skiing
90%
What historical highway connected Chicago to Santa Monica?Route 66
78%
What city on the East Coast has the largest gambling industry?Atlantic City
75%
What was discovered near Sutter's Mill in 1848?Gold
74%
On what island are "The Hamptons" located?Long Island
70%
Which of the Florida Keys has the highest population?Key West
70%
What tribe has the largest reservation in the U.S. - bigger than 10 states?Navajo
63%
What is the second biggest city in Arizona?Tucson
59%
What is the westernmost city in Texas?El Paso
58%
What is Georgia's largest city on the Atlantic coast?Savannah
58%
What notable university is located in South Bend, Indiana?Notre Dame
58%
On what bay does Annapolis, Maryland lie?Chesapeake Bay
57%
What was formerly the biggest industry in Bethlehem, Pennsylvania?Steel
55%
What article of clothing does the lower peninsula of Michigan resemble?Mitten
52%
Other than corn, what is most commonly grown crop in the United States?Soybeans
45%
What cave, located in Kentucky, has over 400 miles of passages?Mammoth Cave
42%
What is the biggest city in Ohio that doesn't start with the letter C?Toledo
40%
What National Park borders the city of Gatlinburg, Tennessee?Great Smoky Mountains
39%
What city in Minnesota borders Lake Superior?Duluth
36%

Score Distribution

Percentile by Number Answered

Percent of People with Each Score

Your Score History

You have not taken this quiz